000 00638nab a2200181 4500
001 244442
003 OSt
005 20250728085744.0
007 tu
008 200917s2020|||||||
040 _aDE-2950
_cDE-2950
245 0 0 _aFrankfurt macht Boden gut, bleibt aber Sorgenkind
_bZukunftsatlas. Wie sind die Entwicklungsaussichten der Oderstadt? Antworten liefert das Standort-Ranking von Prognos, das 400 Regionen vergleicht/
_cHeinz Kannenberg
264 _c2024
653 _aFrankfurt (Oder)
653 _aZukunftsatlas
773 0 _g36. Jahrgang (2025) Nr. 168 vom 22.07.2025, S. 13 mit Foto
_tMärkische Oderzeitung
942 _2z
_cA
999 _c373909
_d373909